| 000 | 00684cam a22002413a 4500 | ||
|---|---|---|---|
| 001 | 20735 | ||
| 003 | PGUSA | ||
| 005 | 20140828083436.0 | ||
| 008 | 070303s2007||||xxu|||||s|||||000 | eng d | ||
| 040 |
_aPGUSA _beng |
||
| 042 | _adc | ||
| 050 | 4 | _aTX | |
| 100 | 1 | _aEales, Mary | |
| 245 | 1 | 0 |
_aMrs. Mary Eales's receipts. (1733) _h[electronic resource] / _cMary Eales |
| 260 |
_bProject Gutenberg, _c2007 |
||
| 506 | _aPublic domain in the USA. | ||
| 516 | _aElectronic text | ||
| 653 | _aConfectionery -- Early works to 1800 | ||
| 653 | _aPastry -- Early works to 1800 | ||
| 830 | 0 |
_aProject Gutenberg _v20735 |
|
| 856 | 4 | 0 | _uhttp://www.gutenberg.org/ebooks/20735 |
| 942 | _cEB | ||
| 999 |
_c249990 _d249990 |
||